[Event "V Magistral Marcel Duchamp 2019"]
[Site "Montevideo"]
[Date "2019.02.24"]
[Round "9.3"]
[White "Hungaski, Robert"]
[Black "Lima, Darcy"]
[Result "1/2-1/2"]
[WhiteElo "2520"]
[BlackElo "2535"]
[Annotator "TA"]
[PlyCount "128"]
[EventDate "2019.02.17"]
[EventType "tourn"]
[EventCountry "URU"]
[SourceTitle "playchess.com"]
[Source "ChessBase"]
[SourceQuality "1"]

{[%evp 15,128,4,0,-25,59,50,37,0,62,13,22,6,31,-52,-37,-44,-37,-14,-41,-12,0,-139,-103,-95,-65,-116,-84,-74,-71,-189,-182,-136,-131,-130,-90,-116,-111,-114,0,-240,-145,-156,-142,-385,-388,-371,0,0,15,30,247,0,0,0,0,0,6203,23,24,23,20,2,2,-8,-8,-64,-53,-147,-149,-149,-145,-144,-93,-91,-94,-106,-99,-95,-71,-79,-58,-58,-58,-58,-63,-63,-58,-102,-94,-100,-78,-94,-92,-92,-91,-91,-87,-91,0,-91,-80,-93,-82,-115,-8,-8,0,0,0,0,0,0,0,0,0]} 1. e4 e6 2. d4 d5 3. Nc3 Bb4 4. e5 c5 5. Bd2 Bxc3 6. Bxc3 Ne7 {C17: French: 3 Nc3 Bb4 4 e5 c5 sidelines} (6... cxd4 7. Qxd4 Ne7 8. Qg4 Nf5 9. Nf3 Nc6 10. Bd3 h5 11. Qf4 Bd7 12. O-O-O g6 13. h3 Qe7 14. g4 Nh4 15. Nd4 {1-0 (43) Jovanovic,Z (2551)-Mrdja,M (2296) Mali Losinj 2018}) 7. dxc5 Nd7 8. Qg4 O-O {LiveBook: 9 Games} 9. O-O-O f5 $146 (9... Nxc5 $11 10. Bb4 b6) ({Predecessor:} 9... Nxc5 10. Nh3 Bd7 11. Bb4 Rc8 12. Bd3 Ng6 13. Bxg6 fxg6 14. Rhe1 {1-0 (44) Bednarek,S (2336)-Jedynak,R (2353) Jastrzebia Gora 2018}) 10. exf6 $14 Nxf6 11. Qe2 Qc7 (11... Ne4 $11) 12. f3 Qxc5 13. Nh3 Nc6 14. Nf4 (14. Nf2 $14) 14... Qd6 $1 $15 {[%cal Rd6f4]} 15. Nd3 d4 $1 {[%cal Rd4c3]} 16. Bd2 e5 17. Re1 {[%cal Rd3e5]} Re8 18. Qf2 (18. Nf2 $1 $11 {remains equal.}) 18... Bf5 19. g4 Bg6 20. h4 ({White should play} 20. g5 $15 Nd5 21. Kb1) 20... e4 21. fxe4 Nxe4 22. Qh2 (22. Qg2 $17 {was worth a try.}) 22... Qd5 $1 $19 {[%cal Rd5a2]} 23. h5 Qxa2 {[%cal Ra2a1]} 24. Kd1 Qb1+ 25. Bc1 Bf7 26. h6 {[#]} Bg6 (26... Nf6 $1 $17 27. hxg7 Bg6) 27. hxg7 $2 (27. Bg2 $1 $11 Rac8 28. Bxe4 Rxe4 29. Qd6) 27... Rad8 ({But not} 27... Kxg7 28. Qf4) 28. Qf4 Rd7 29. Rh2 $2 (29. Rh5 $17) 29... Rf7 30. Qh6 Rxg7 $2 (30... Ree7 $19 {Hoping for ...a6.} 31. Qh4 Kxg7) 31. Rhe2 $11 Rge7 {aiming for ...Nd8.} (31... Re6 $5 32. Bg2 $8 Rge7 $15) 32. Bg2 Nf6 $2 (32... Qa2 $1 $11) 33. Bxc6 $2 ({White has to play} 33. Rxe7 $18 Rxe7 34. Rxe7 Nxe7 35. Qg5) 33... Rxe2 $40 {[%mdl 128] Black attacks.} 34. Rxe2 Rxe2 {[%csl Ge2][%cal Rb1c2]} 35. Ba4 Re8 $2 {[%mdl 8192]} (35... Re3 $11 36. Bb3+ Bf7 37. Qxf6 (37. Qg5+ Kf8 $11) 37... Bxb3 38. Qd8+ Kf7 39. Qd7+ Kf8 40. Qf5+ Ke7 41. Qc5+ Kf7 42. Qc7+ Kf8 43. Qc8+ Kg7 44. Qd7+ Kg8 45. Qc8+ Kg7 46. Qd7+ Kf8 47. Qd8+ Re8 48. Qf6+ Kg8 49. Qg5+ Kh8 50. Qf6+ Kg8 51. Qg5+ Kf8 52. Qf5+ Bf7) 36. Bxe8 $2 (36. Bb3+ $18 Kh8 {[#]} 37. Ne5 $1 {[%mdl 512]} Bxc2+ 38. Bxc2 Qxc2+ 39. Kxc2) 36... Nxe8 37. Qg5 Qa2 38. Nf4 Qf7 39. Qe5 Qd7 40. Ne6 (40. Kd2 $11) 40... d3 41. c4 (41. cxd3 $15 Qxd3+ 42. Ke1) 41... Qa4+ $17 42. Ke1 {White wants to play Qc5.} Qxc4 43. Bf4 Qe4+ ({Better is} 43... Qc6 44. Ng5 Nf6 45. Qe6+ Qxe6+ 46. Nxe6 Nxg4) 44. Qxe4 Bxe4 {[%mdl 4096] Endgame KBN-KBN} 45. Nc5 Bf3 46. g5 Ng7 (46... Kf7 {is more complex.} 47. Nxd3 Ke6 48. Kf2 Bc6 49. Ne5 Kf5) 47. Nxd3 Ne6 {...Be4 is the strong threat.} 48. Be3 b6 49. Ne5 Be4 50. Nc4 Bc6 51. b4 Kg7 52. Kf2 Bb5 53. Nd6 Bd7 54. Kg3 Kg6 55. Kh4 Nc7 56. Bd2 Ne6 57. Be3 Nd8 58. Bd2 Nc6 59. Bc3 a5 (59... Be6 $17 60. Ne4 a6) 60. bxa5 $11 {The position is equal.} Nxa5 61. Bxa5 bxa5 62. Nc4 Kg7 {And now ...a4 would win.} 63. Nxa5 h6 64. gxh6+ Kxh6 {Precision: White = 38%, Black = 51%.} 1/2-1/2

[Event "V Magistral Marcel Duchamp 2019"]
[Site "Montevideo"]
[Date "2019.02.24"]
[Round "9.4"]
[White "Lopez Azambuja, Nicolas"]
[Black "Roselli Mailhe, Bernardo"]
[Result "0-1"]
[WhiteElo "2320"]
[BlackElo "2434"]
[Annotator "TA"]
[PlyCount "96"]
[EventDate "2019.02.17"]
[EventType "tourn"]
[EventCountry "URU"]
[SourceTitle "playchess.com"]
[Source "ChessBase"]
[SourceQuality "1"]

{[%evp 15,96,42,89,34,73,64,110,95,91,86,91,77,78,68,80,71,82,64,100,112,97,95,88,95,91,90,110,109,120,-7,0,-6,40,42,53,29,27,14,10,0,0,0,0,0,2,-33,70,65,98,-26,-46,-37,-22,-128,-118,-115,-112,-152,-141,-177,-151,-192,-175,-299,-281,-306,-202,-226,-146,-146,-146,-146,-146,-429,-431,-409,-427,-415,-326,-672,-694,-670,-650]} 1. d4 Nf6 2. c4 g6 3. Nc3 Bg7 4. e4 d6 5. Nf3 O-O 6. Be2 e5 7. Be3 Nbd7 8. O-O a5 9. Re1 {E94: King's Indian: Classical: 6 Be2 e5 7 0-0: Various Black 7th moves} ({White should try} 9. dxe5 $16 Nxe5 10. Nxe5 dxe5 11. Qxd8 Rxd8 12. f3) (9. dxe5 dxe5 10. h3 c6 11. Qc2 Qe7 12. Na4 Nh5 13. c5 Nf4 14. Rad1 f5 15. Bxf4 exf4 16. exf5 Rxf5 17. Bd3 Rh5 {1-0 (32) Zhou,J (2609)-Sasikiran,K (2720) Zaozhuang 2012}) 9... c6 10. d5 c5 $146 ({Predecessor:} 10... Ne8 11. g3 cxd5 12. Nxd5 Nb6 13. Bg5 {½-½ (13) Gorczyca,P-Kwiatkowski,J Poland 1995}) 11. Bg5 {White is better.} h6 12. Bd2 Ne8 13. g3 Ndf6 14. Nh4 Bh3 15. Qc2 Kh7 16. Nd1 a4 17. Nc3 Nc7 18. a3 ({Don't play} 18. Nxa4 $6 Nxe4 19. Qxe4 Rxa4 $11) 18... Bd7 19. b3 axb3 20. Qxb3 Nfe8 21. Reb1 ({Of course not} 21. Qxb7 $6 Rb8 $11) 21... Ra7 22. Nb5 (22. Qb6 $16 Qb8 23. Ng2) 22... Nxb5 $11 23. cxb5 Bf6 24. Ng2 Bg5 25. Bc3 $36 {[%mdl 2048] White has good play.} f5 26. exf5 Bxf5 27. b6 Ra8 28. Rf1 h5 29. a4 Nf6 30. f3 {[#]} Nd7 (30... h4 $1 $15 {[%mdl 512]}) 31. a5 $1 $14 Nb8 32. a6 (32. h4 $16 Bh6 33. f4) 32... Nxa6 $11 33. Bxa6 bxa6 34. Ba5 (34. f4 $1 $11 {remains equal.} exf4 35. Nxf4) 34... Rb8 $17 35. Ne3 Bd7 36. Nc4 ({Don't go for} 36. b7 $2 Qe7 $19) 36... Bb5 37. Kg2 h4 38. Rf2 Qd7 39. Na3 (39. Nd2 {keeps fighting.}) 39... h3+ $19 40. Kh1 Bd8 41. Nc4 Rf6 42. Nd2 Bxb6 43. Ne4 Rf5 {aiming for ...c4.} 44. Qe3 $2 {[%mdl 8192]} (44. Bxb6 $17 Rxb6 45. f4) 44... Bxa5 45. Rxa5 Bc4 {[#] ( -> ...Rb1+)} 46. Ra1 Qe7 47. Rd2 $2 (47. Kg1) 47... Rb3 48. Nc3 Qf7 {Accuracy: White = 30%, Black = 55%.} 0-1

[Event "V Magistral Marcel Duchamp 2019"]
[Site "Montevideo"]
[Date "2019.02.24"]
[Round "9.5"]
[White "Carbone, Diego"]
[Black "Hoffman, Alejandro"]
[Result "1/2-1/2"]
[WhiteElo "2256"]
[BlackElo "2461"]
[Annotator "TA"]
[PlyCount "33"]
[EventDate "2019.02.17"]
[EventType "tourn"]
[EventCountry "URU"]
[SourceTitle "playchess.com"]
[Source "ChessBase"]
[SourceQuality "1"]

{[%evp 16,18,41,21,33]} 1. d4 d5 2. c4 c6 3. Nf3 Nf6 4. e3 Bg4 5. h3 Bxf3 6. Qxf3 e6 7. Nc3 Nbd7 8. Bd3 Bd6 9. O-O O-O {D11: Slav Defence: 3 Nf3 sidelines and 3...Nf6 4 e3 Bg4} {Predecessor:} 10. Rd1 $146 Qe7 11. Qe2 dxc4 12. Bxc4 e5 13. dxe5 Nxe5 14. Bb3 Ng6 15. Bd2 Rfe8 16. Be1 Qe5 17. g3 {½-½ (55) Bocharov,D (2611)-Vitiugov,N (2721) Sochi 2016} 1/2-1/2